[Event "IECC P-4517"]
[Site "IECC email"]
[Date "2009.02.03"]
[Round "?"]
[White "Notarnicola, Gianluca"]
[Black "Richard, Andy"]
[Result "0-1"]
[WhiteElo "1367"]
[BlackElo "1172"]
[PlyCount "24"]
[EventDate "2009.??.??"]
[EventType "match (corr)"]
[SourceTitle "Corr 2013"]
[Source "ChessBase"]
[SourceDate "2012.11.12"]
[SourceVersion "1"]
[SourceVersionDate "2012.11.12"]
[SourceQuality "1"]
[WhiteTeam "Italy"]
[BlackTeam "Canada"]
[WhiteTeamCountry "ITA"]
[BlackTeamCountry "CAN"]

1. e4 e6 2. d4 d5 3. e5 c5 4. c3 Nc6 5. Nf3 Nh6 6. Be2 Nf5 7. g3 cxd4 8. cxd4 Qb6 9. Nc3 Nfxd4 10. Be3 Nxf3+ 11. Bxf3 Qxb2 12. Bd2 Nxe5 0-1

[Event "IECC P-4483"]
[Site "IECC email"]
[Date "2008.09.30"]
[Round "?"]
[White "Notarnicola, Gianluca"]
[Black "D'Aragona, Vittoria"]
[Result "1/2-1/2"]
[WhiteElo "1365"]
[BlackElo "1410"]
[PlyCount "72"]
[EventDate "2008.??.??"]
[EventType "tourn (corr)"]
[EventRounds "1"]
[SourceTitle "Corr 2011"]
[Source "ChessBase"]
[SourceDate "2010.08.31"]
[SourceVersion "1"]
[SourceVersionDate "2010.08.31"]
[SourceQuality "1"]
[WhiteTeam "Italy"]
[BlackTeam "Italy"]
[WhiteTeamCountry "ITA"]
[BlackTeamCountry "ITA"]

1. e4 e6 2. d4 d5 3. e5 c5 4. c3 Nc6 5. Nf3 Qb6 6. Be2 cxd4 7. cxd4 Nh6 8. Nc3 Nf5 9. Na4 Bb4+ 10. Bd2 Qa5 11. Bc3 Bxc3+ 12. Nxc3 Qb6 13. Bb5 0-0 14. Bxc6 Qxc6 15. 0-0 b6 16. Qd2 Ba6 17. Rfe1 Rac8 18. Rac1 Qd7 19. Qf4 Rc7 20. Nh4 Nxh4 21. Qxh4 Bd3 22. Qg3 Bg6 23. a3 Rfc8 24. Qe3 h6 25. h3 a5 26. b3 Rc6 27. Na4 Bf5 28. Rc3 Rxc3 29. Nxc3 b5 30. Rc1 a4 31. bxa4 bxa4 32. Na2 Rc4 33. Rxc4 dxc4 34. Nb4 h5 35. Qc3 Qc8 36. Kh2 Kh7 1/2-1/2

[Event "SEMI B036 email"]
[Site "SEMI email"]
[Date "2003.07.28"]
[Round "?"]
[White "Verrelli, Stefano"]
[Black "Notarnicola, Gianluca"]
[Result "0-1"]
[WhiteElo "1000"]
[BlackElo "1000"]
[PlyCount "28"]
[EventDate "2003.07.28"]
[EventType "tourn (corr)"]
[EventRounds "6"]
[EventCountry "ITA"]
[SourceTitle "Corr 2008"]
[Source "ChessBase"]
[SourceDate "2008.06.24"]
[SourceVersion "1"]
[SourceVersionDate "2008.06.24"]
[SourceQuality "1"]

1. e4 e5 2. Nf3 Nc6 3. Bc4 Nf6 4. Ng5 d5 5. exd5 Na5 6. Bb5+ Bd7 7. Qe2 Qe7 8. Bxd7+ Nxd7 9. d3 0-0-0 10. 0-0 f6 11. Ne6 Re8 12. Bd2 b6 13. d4 Nb8 14. Qc4 Nxc4 0-1

[Event "SEMI B025 email"]
[Site "SEMI email"]
[Date "2001.12.15"]
[Round "?"]
[White "Notarnicola, Gianluca"]
[Black "Tarzia, Paolo"]
[Result "0-1"]
[WhiteElo "1043"]
[BlackElo "1400"]
[PlyCount "36"]
[EventDate "2001.12.15"]
[EventType "tourn (corr)"]
[EventRounds "6"]
[EventCountry "ITA"]
[SourceTitle "Telechess CBM 097"]
[Source "ChessBase"]
[SourceDate "2003.11.11"]
[SourceVersion "1"]
[SourceVersionDate "2003.11.11"]
[SourceQuality "1"]

1. e4 c6 2. d4 d5 3. e5 Bf5 4. Ne2 e6 5. Ng3 Bg6 6. Nc3 Bb4 7. Bd2 Ne7 8. Be2 0-0 9. 0-0 c5 10. a3 cxd4 11. axb4 dxc3 12. bxc3 Nbc6 13. f4 Qb6+ 14. Kh1 Nf5 15. Nxf5 Bxf5 16. Qc1 Qc7 17. c4 Nd4 18. Bd3 Bxd3 0-1

[Event "SEMI ECT 5-B email"]
[Site "SEMI email"]
[Date "2000.??.??"]
[Round "?"]
[White "Hiatt, Dave"]
[Black "Notarnicola, Gianluca"]
[Result "1/2-1/2"]
[WhiteElo "1100"]
[BlackElo "1000"]
[PlyCount "37"]
[EventDate "2000.10.10"]
[EventType "tourn (corr)"]
[EventRounds "8"]
[EventCountry "ITA"]
[SourceTitle "Corr 2008"]
[Source "ChessBase"]
[SourceDate "2008.06.24"]
[SourceVersion "1"]
[SourceVersionDate "2008.06.24"]
[SourceQuality "1"]

1. e4 e5 2. Bc4 Nf6 3. Nf3 Nxe4 4. 0-0 Nc6 5. d3 Nd6 6. Bg5 Be7 7. Qd2 0-0 8. Nc3 Nf5 9. Rae1 Nfd4 10. Re3 Bxg5 11. Nxg5 Qxg5 12. Ne4 Qg6 13. Rg3 Qf5 14. c3 Ne6 15. Qe2 Nf4 16. Qf3 d6 17. Rg5 Nh3+ 18. gxh3 Qxh3 19. Nf6+ 1/2-1/2

[Event "SEMI ECT 5-B email"]
[Site "SEMI email"]
[Date "2000.??.??"]
[Round "?"]
[White "Notarnicola, Gianluca"]
[Black "Terrones, Stephen"]
[Result "0-1"]
[WhiteElo "1000"]
[BlackElo "1600"]
[PlyCount "78"]
[EventDate "2000.10.10"]
[EventType "tourn (corr)"]
[EventRounds "8"]
[EventCountry "ITA"]
[SourceTitle "Corr 2008"]
[Source "ChessBase"]
[SourceDate "2008.06.24"]
[SourceVersion "1"]
[SourceVersionDate "2008.06.24"]
[SourceQuality "1"]

1. e4 c5 2. Nf3 d6 3. d4 cxd4 4. Nxd4 Nf6 5. Nc3 Nc6 6. Bb5 Bd7 7. Be3 a6 8. Bxc6 bxc6 9. 0-0 Rb8 10. Qe2 e5 11. Nb3 Ra8 12. Rad1 Qb8 13. f3 Be7 14. Rb1 0-0 15. Na5 Qb4 16. Nc4 c5 17. Nd5 Nxd5 18. exd5 Bb5 19. b3 Bxc4 20. bxc4 Qa3 21. Ra1 Rab8 22. Bc1 Qc3 23. Be3 Rb2 24. Rfc1 Rfb8 25. Bd2 Qd4+ 26. Kh1 Rxc2 27. Rxc2 Qxa1+ 28. Rc1 Qxa2 29. g3 Rb2 30. Rd1 Rb1 31. Rxb1 Qxb1+ 32. Kg2 Qc2 33. f4 f6 34. Kf3 Bd8 35. fxe5 fxe5 36. h4 a5 37. Bg5 Qxe2+ 38. Kxe2 Bxg5 39. hxg5 Kf7 0-1